LEADER 01133nam--2200361---450 001 990001299020203316 005 20210215111046.0 035 $a000129902 035 $aUSA01000129902 035 $a(ALEPH)000129902USA01 035 $a000129902 100 $a20031203d1977----km-y0itay0103----ba 101 0 $aita 102 $aIT 105 $a||||||||001yy 200 1 $aGiuseppe di Vittorio, 1944-1957$ela costruzione della CGIL$ela lotta per la rinascita del paese e l'unità dei lavoratori$fMichele Pistillo 210 $aRoma$cEditori riuniti$d1977 215 $a361 p.$d21 cm 225 2 $aBiblioteca del movimento operaio italiano$v58 410 0$12001$aBiblioteca del movimento operaio italiano$v58 454 1$12001 461 1$1001-------$12001 600 $aDi Vittorio,$bGiuseppe 676 $a331.88 700 1$aPISTILLO,$bMichele$0139900 702 1$aDI VITTORIO,$bGiuseppe 801 0$aIT$bsalbc$gISBD 912 $a990001299020203316 951 $aX.3.A. 409(III D coll. 4/58)$b17790 L.M.$cIII 959 $aBK 969 $aUMA 996 $aGiuseppe Di Vittorio, 1944-1957$9857867 997 $aUNISA